Wild fire : a century of failed forest policy

Bibliographic Details
Main Author: George Wuerthner
Format: Book
Published: USA : Foundation for Deep Ecology , 2006
Subjects:

MARC

LEADER 00000cam a2200000 7i4500
001 0000004069
005 20160119.0
020 0 0 |a 9781597260701 
090 0 0 |a 634.9618073   |b FIRE 2006 
100 0 1 |a George Wuerthner 
245 0 0 |a Wild fire :   |b a century of failed forest policy   |c edited by George Wuerthner 
260 0 0 |a USA :   |b Foundation for Deep Ecology ,   |c 2006 
300 |a xxvii 316p. ;   |c 44 cm. 
500 0 0 |a Includes index 
650 0 0 |a Forest fire---US---History 
650 0 0 |a Wildfires---US---History 
998 |a JPSM 
999 |a 007898   |b Monograph   |c Open Shelf   |e Default branch